000 00487nam a2200181Ia 4500
008 230917s9999||||xx |||||||||||||| ||und||
020 _cRS560
040 _e253085
_aMAIN
041 _aEnglish
082 _a658.3 S58H(2)
100 _aSanghi, Seema
245 0 _aHuman resource management
250 _a2nd ed.
260 _aNoida
_bVikas Publishing House
_c2019
300 _axvii, 465 p.
500 _a3398 09/01/2019 HBD19/7800 18/03/2019 IMSAR (Dev. & Research)
942 _cBK
999 _c29873
_d29873